000 00341nam a2200121Ia 4500
008 190722s9999 xx 000 0 und d
020 _a978-81-265-5665-6
100 _aLeBlanc, Moss, Sarka , Ryan
245 0 _aApplied Microsoft Business Intelligence
260 _aNew Delhi
_bJohn Wiley & Sons.Inc. (India)
_c2015
300 _a401
942 _cBK
999 _c246
_d246